Trên đường băng

Đã lưu trong:
書目詳細資料
主要作者: Tony buổi sáng
格式: 圖書
語言:Vietnamese
出版: Thành phố Hồ Chí Minh Trẻ 2019
版:In lần thứ 21
主題:
標簽: 添加標簽
沒有標簽, 成為第一個標記此記錄!
Thư viện lưu trữ: Thư viện Trường Đại học Nam Cần Thơ
LEADER 01453nam a22002057a 4500
001 NCT_141889
008 221001b xxu||||| |||| 00| 0 vie d
999 |c 7304  |d 7304 
020 |c 80000  |a 9786041141193 
082 0 4 |2 23rd ed.  |a 158.1  |b T667 
100 0 |a Tony buổi sáng 
245 1 0 |a Trên đường băng  |c Tony buổi sáng 
250 |a In lần thứ 21 
260 |a Thành phố Hồ Chí Minh  |b Trẻ  |c 2019 
300 |a 308 tr.  |c 20cm 
500 |a Trên đường băng là tập hợp những bài viết được ưa thích trên Facebook của Tony Buổi Sáng. Nhưng khác với một tập tản văn thông thường, nội dung các bài được chọn lọc có chủ đích, nhằm chuẩn bị về tinh thần, kiến thức...cho các bạn trẻ vào đời. Sách gồm 3 phần: "Chuẩn bị hành trang", "Trong phòng chờ sân bay" và "Lên máy bay", tương ứng với những quá trình một bạn trẻ phải trải qua trước khi "cất cánh" trên đường băng cuộc đời, bay vào bầu trời cao rộng. 
653 |a Sách tham khảo 
942 |2 ddc  |c BK 
952 |0 0  |1 0  |2 ddc  |4 0  |6 158_100000000000000_T667  |7 0  |9 26325  |a 000001  |b 000001  |d 2022-10-03  |o 158.1 T667  |p TK.03050  |r 2022-10-03  |v 80000.00  |w 2022-10-03  |y BK 
980 |a Thư viện Trường Đại học Nam Cần Thơ